00930nam a2200277 4500003000400000005001700004008004100021020001500062040001800077041001400095050001800109100001900127240003700146245009000183264003700273300004300310336002200353337002400375338002400399500006800423650004700491650004400538700004100582942001200623999001700635OSt20260530115300.0260420b2005 sp a|||| |||| 00| 0 spa d a8425219817 aICIbspacICI 1aspa heng aTS171b H48181 aHeskett, John,10aToothpicks and logos.lEspañol13aEl diseño en la vida cotidianacJohn Heskett ; versión castellana, Isabel Nuñez 1bGustavo Gili c2005a Barcelona  a214 páginasb ilustracionesc20.0 cm atexto2rdacontent asin medio2rdamedia avolumen2rdacarrier aTraducción de: Toothpicks and logos : design in everyday life 4aDiseño industrialx Metodología931076 4aAptitud creadora en tecnología931077 1aNúñez, Isabele traductor931078 2ddccBK c12795d12795